| 000 | 00958nam a22002297a 4500 | ||
|---|---|---|---|
| 999 |
_c2853 _d2853 |
||
| 003 | AR-CdUCM | ||
| 008 | 190305b ||||| |||| 00| 0 spa d | ||
| 040 |
_aMUNICIPALIDAD PROVINCIAL DEL CUSCO _cBIBLIOTECA MUNICIPAL DEL CUSCO |
||
| 082 |
_a985.009 / _bB25 |
||
| 100 |
_aBartra S. J., Enrique _99888 |
||
| 245 | _aSanto Toribio de Mogrovejo / | ||
| 260 |
_aLima : _bVisión Peruana, _bMonterrico, _c1987. |
||
| 300 |
_a58 páginas ; _bilustraciones, _c21 cm. |
||
| 440 |
_aLos que hicieron el Perú, Biblioteca visión peruana. _n8 _99889 |
||
| 500 | _aEsta publicación es un aporte de la revista Visión Peruana" - Cubierta posterior. | ||
| 505 | _aContenido: Un arzobispo para medio continente -- El estudiante de Salamanca -- Manos a la obra -- La carta magna de la iglesia de América -- Para dar al Perú un alma cristiana ... | ||
| 650 |
_aBiografía _922 |
||
| 650 |
_aPerú _935 |
||
| 650 |
_aSantos _99890 |
||
| 942 |
_2ddc _cLIBROS |
||
| 945 | _aachl | ||